000
00325nam a2200133Ia 4500
005
20260328104336.0
008
260328s9999||||xx |||||||||||||| ||und||
100
_a
Lowry, Bates
245
0
_a
Renaissance Architecture /
_c
Bates Lowry
260
_b
George Brazilier
300
_a
127 p.
650
_a
ARQUITECTOS
942
_c
BK
999
_c
11903
_d
11903